[Event "Statler & Waldorf Summer Special"]
[Site "SchemingMind.com"]
[Date "2017.05.10"]
[Round "-"]
[White "pmdpsp"]
[Black "Marco_M"]
[Result "0-1"]
[WhiteCountry "GER"]
[BlackCountry "ITA"]
[WhiteElo "1702"]
[WhiteRD "88"]
[BlackElo "2062"]
[BlackRD "109"]
[GameID "413828"]

1. c4 e5 2. Nc3 Nc6 3. g3 f5 4. Bg2 Nf6 5. d3 Bb4 6. Bd2 O-O 7. a3 Bxc3 8. Bxc3 d6 9. Nf3 Qe8 10. Nd2 Qg6
11. Qc2 Kh8 12. h4 f4 13. Ne4 fxg3 14. h5 gxf2+ 15. Kf1 Nxe4 16. Bxe4 Bh3+ 17. Rxh3 Qg1#
0-1

[Event "Statler & Waldorf Summer Special"]
[Site "SchemingMind.com"]
[Date "2017.05.10"]
[Round "-"]
[White "Marco_M"]
[Black "pmdpsp"]
[Result "1-0"]
[WhiteCountry "ITA"]
[BlackCountry "GER"]
[WhiteElo "2137"]
[WhiteRD "105"]
[BlackElo "1688"]
[BlackRD "96"]
[GameID "413829"]

1. e4 g6 2. d4 Bg7 3. Nf3 d6 4. c3 Nd7 5. Bd3 e5 6. O-O Ne7 7. Na3 a6 8. Nc2 O-O 9. Ne3 c6 10. Qc2 d5
11. exd5 exd4 12. Nxd4 cxd5 13. Qd1 Nc5 14. Be2 Nc6 15. Nec2 Ne6 16. Be3 Re8 17. Qd2 Nexd4 18. Nxd4 Ne5 19. b3 Qd6 20. Rfd1 Bd7
21. h3 Rad8 22. Nc2 Bc6 23. Bb6 Rd7 24. f4 Bb5 25. Bd4 Nc6 26. Bxb5 axb5 27. Bxg7 Kxg7 28. Re1 Re4 29. g3 f5 30. Rad1 b4
31. cxb4 g5 32. Ne3 Ne7 33. Kh2 gxf4 34. Nxf5+ Nxf5 35. Qb2+ d4 36. Rxe4 fxg3+ 37. Kg1 Qd5 38. Qg2 Kf6 39. Rd3 Qb5 40. Qf1 h5
41. Rf4 Rd5 42. Qf3 Ke5 43. Rxf5+ Ke6 44. Qxd5+ Qxd5 45. Rxd5
1-0

[Event "Statler & Waldorf Summer Special"]
[Site "SchemingMind.com"]
[Date "2017.08.11"]
[Round "-"]
[White "Robert Bruce"]
[Black "Jari Laine"]
[Result "0-1"]
[WhiteCountry "SCO"]
[BlackCountry "FIN"]
[WhiteElo "2328"]
[WhiteRD "70"]
[BlackElo "2501"]
[BlackRD "87"]
[GameID "417065"]

1. d4 d5 2. Nf3 Bf5 3. c4 e6 4. Qb3 Nc6 5. c5 Rb8 6. Nc3 Nf6 7. Bf4 a6 8. e3 Be7 9. Be2 Nh5 10. Be5 f6
11. Bg3 g5 12. Qd1 Bg6 13. Nxg5 Nxg3 14. Nxe6 Qd7 15. Nxc7+ Qxc7 16. hxg3 Qd7 17. Qb3 Rd8 18. Bh5 O-O 19. O-O-O f5 20. Rh2 Bf6
21. Bf3 Ne7 22. Kd2 Rf7 23. Rdh1 Bg7 24. Ne2 Rf6 25. Nf4 a5 26. Rc1 Bf7 27. Qa3 b6 28. Nd3 bxc5 29. Ne5 Qb7 30. Nxf7 Rxf7
31. Rxc5 Rf6 32. Qc3 Bf8 33. Rc7 Qb8 34. b3 a4 35. Qc5 Re6 36. Qc3 axb3 37. axb3 Ra6 38. Ke1 Nc6 39. Rhxh7 Bb4 40. Kf1 Bxc3
41. Rhg7+ Kf8 42. Rcf7+ Ke8 43. Rb7 Ra1+ 44. Ke2 Qxb7 45. Rxb7 Ra2+ 46. Kf1 Rd6 47. Bh5+ Kd8 48. Rf7 Ne7 49. g4 Rh6 50. Rf8+ Kd7
51. g3 Kc7 52. Rf7 Bb4 53. Rg7 Kd6 54. Kg2 Be1 55. Rf7 Rxf2+
0-1

[Event "Statler & Waldorf Summer Special"]
[Site "SchemingMind.com"]
[Date "2017.08.11"]
[Round "-"]
[White "Jari Laine"]
[Black "Robert Bruce"]
[Result "1-0"]
[WhiteCountry "FIN"]
[BlackCountry "SCO"]
[WhiteElo "2519"]
[WhiteRD "84"]
[BlackElo "2378"]
[BlackRD "70"]
[GameID "417066"]

1. c4 e5 2. Nc3 Bb4 3. Qc2 Nf6 4. Nf3 Nc6 5. e3 O-O 6. Nd5 a5 7. a3 Be7 8. Be2 d6 9. O-O Be6 10. d4 Bxd5
11. cxd5 Nxd4 12. exd4 Nxd5 13. dxe5 dxe5 14. Nxe5 c6 15. Bd3 g6 16. Ng4 Re8 17. Bd2 Bf8 18. Nh6+ Kg7 19. Rad1 Qd7 20. Bc4 f6
21. h3 b5 22. Ba2 Kh8 23. Ng4 Bg7 24. Bc3 f5 25. Nf6 Bxf6 26. Bxf6+ Kg8 27. Rxd5 cxd5 28. Rd1 Rac8 29. Rxd5 Rxc2 30. Rxd7+ Rc4
31. Bxc4+ bxc4 32. Bc3 Ra8 33. Rg7+ Kf8 34. Rxh7 Re8 35. Rh8+ Kf7 36. Rxe8 Kxe8 37. Bxa5 Kf7 38. Kf1 Ke6 39. Ke2 Kd6 40. Ke3 Kd7
41. Kd4
1-0